000 00591nam a2200241 a 4500
001 nice12345678
003 IN_TiNIC
005 20260116011534.0
008 050524s1956 lona grp 000 0 eng
020 _a
_c100
082 0 0 _a241
_bSAL
100 _aSales, Francis De
245 _aIntroduction to the Devout Life
260 _aLondon
_bBurns and Oates
_c1956
300 _a261p
500 _aincludes index and biblioraphy
505 2 _aIndex, Bibliography
650 _aChristian-Ethics
700 1 _aSales, Francis De
902 _bSRS
942 _cBK
999 _c2440
_d2440